000 00401nam a22001217a 4500
020 _a1564141055
082 _a658.4013
_bCAP
100 _aCapezio, Peter
_9110231
245 _aTaking the Mystery Out of TQM:
_ba practical guide to total quality management /
_cPeter Capezio & Debra Morehouse
260 _aUSA,
_bBook Mart Press,
_c1993.
300 _axii, 290p. ;
_bPaperback,
_c23cm.
942 _2ddc
_cBK
999 _c593677
_d593677